LEADER 00752nam0-22002771i-450- 001 990001655920403321 005 20050429122350.0 035 $a000165592 035 $aFED01000165592 035 $a(Aleph)000165592FED01 035 $a000165592 100 $a20030910d1942----km-y0itay50------ba 101 0 $aita 200 1 $aTecnologia delle macchine agricole$fAdolfo Carena 210 $aTorino$cUTET$d1942 215 $aXII, 520 p.$d24 cm 610 0 $aMacchine agricole 676 $a631.3 700 1$aCarena,$bAdolfo$02210 801 0$aIT$bUNINA$gRICA$2UNIMARC 901 $aBK 912 $a990001655920403321 952 $a60 631.3 B 14$b34066$fFAGBC 959 $aFAGBC 996 $aTecnologia delle macchine agricole$9373076 997 $aUNINA LEADER 02464nas 2200757 a 450 001 996213238503316 005 20230125194854.0 011 $a1548-1352 035 $a(CKB)954925462151 035 $a(CONSER) 2002227361 035 $a(MiAaPQ)48704 035 $a(DE-599)ZDB2097742-6 035 $a(OCoLC)51205464 035 $a(EXLCZ)99954925462151 100 $a20021211a19739999 uy a 101 0 $aeng 135 $aur||||||||||| 181 $ctxt$2rdacontent 182 $cc$2rdamedia 183 $acr$2rdacarrier 200 10$aEthos 210 $aWashington, D.C. $cSociety for Psychological Anthropology$dİ1973- 210 2 $aBerkeley, Calif. $cUniversity of California Press 210 3 $aMalden, MA $cPublished by Wiley-Blackwell for the American Anthropological Association 300 $aRefereed/Peer-reviewed 311 $a0091-2131 606 $aEthnopsychology$vPeriodicals 606 $aPersonality and culture$vPeriodicals 606 $aAnthropology, Cultural 606 $aEthnopsychology 606 $aEthnopsychologie$vPe?riodiques 606 $aPersonnalite? et culture$vPe?riodiques 606 $aEthnopsychology$2fast$3(OCoLC)fst00916198 606 $aPersonality and culture$2fast$3(OCoLC)fst01058705 606 $aIndividu$2gtt 606 $aSociale omgeving$2gtt 606 $aPsychologie$2gtt 606 $aSociale wetenschappen$2gtt 606 $aPsychosociologie$2rasuqam 606 $aEthnopsychologie$2rasuqam 608 $aPeriodical. 608 $aCzasopismo psycholoogiczne.$2dbn 608 $aPeriodicals.$2fast 608 $aPe?riodique e?lectronique (Descripteur de forme)$2rasuqam 608 $aRessource Internet (Descripteur de forme)$2rasuqam 610 $aAnthropology 615 0$aEthnopsychology 615 0$aPersonality and culture 615 2$aAnthropology, Cultural. 615 2$aEthnopsychology. 615 6$aEthnopsychologie 615 6$aPersonnalite? et culture 615 7$aEthnopsychology. 615 7$aPersonality and culture. 615 17$aIndividu. 615 17$aSociale omgeving. 615 17$aPsychologie. 615 17$aSociale wetenschappen. 615 7$aPsychosociologie. 615 17$aEthnopsychologie. 712 02$aSociety for Psychological Anthropology. 712 02$aAmerican Anthropological Association. 906 $aJOURNAL 912 $a996213238503316 996 $aEthos$9892847 997 $aUNISA